00660nam a2200241 a 4500001001300000003000900013005001700022008004100039020000800080082001500088100002600103245001900129260004700148300000900195500003500204505001300239650001900252700002600271902000800297942000700305952009300312999001300405nice12345678IN_TiNIC20260116011304.0050524s0000 laha grp 000 0 urd  ac100a297.4bMAH aMahmood, Sh Bahauddin aSirrul Arifeen aLahorebAllah Waaley Ki Qawmi Dukaanc0000 a197p aincludes index and biblioraphy2 aAppendix aSufism-Chishti1 aMahmood, Sh Bahauddin bRBA cBK 00104070aHMIbHMId2007-09-18g1.00l0o297.4 MAHp04234r2007-09-18w2026-01-16yEB c202d202